00973nam a22002417a 450000500170000001000110001702000100002803500110003803700160004904000120006508200150007724502740009225000110036626000370037727000300041430000280044465000390047265000220051170000300053394200240056399900190058795201250060620170124110233.0 a177832 c00.00 a177832 bCen Lib/Ret aDPLbEN a620.3bENG aEngineering encyclopedia :cedited by Franklin D. Jonesba condensed encyclopedia and mechanical dictionary for engineers, mechanics, technical schools, industrial plants, and public libraries, giving the most essential facts about 4500 important engineering subjects / a2nd ed aNew YorkbIndustrial Pressc1954 bNew Yorka93 Worth Street a1432p. :c22m(Hb)bill. aEngineering -- Dictionaries941699 aEngineering97671 aJones, Franklin D.941700 2ddccENh620.3mENG c134757d134757 001040718REFaLbLd2015-07-31eCen Lib/Retg0.00l0o620.3 ENGp177832r2015-07-31 00:00:00t1v0.00w2015-07-31yEN